<?xml version="1.0" encoding="UTF-8"?>
<record
    xmlns:xsi="http://www.w3.org/2001/XMLSchema-instance"
    xsi:schemaLocation="http://www.loc.gov/MARC21/slim http://www.loc.gov/standards/marcxml/schema/MARC21slim.xsd"
    xmlns="http://www.loc.gov/MARC21/slim">

  <leader>00779na  a2200265   4500</leader>
  <controlfield tag="001">22614</controlfield>
  <controlfield tag="003">MIRAKIL</controlfield>
  <controlfield tag="005">20181213155154.0</controlfield>
  <controlfield tag="008">170221b        tu            000 0      </controlfield>
  <datafield tag="035" ind1=" " ind2=" ">
    <subfield code="a">22614</subfield>
  </datafield>
  <datafield tag="040" ind1=" " ind2=" ">
    <subfield code="a">Milas</subfield>
    <subfield code="b">tur</subfield>
    <subfield code="c">TR-AnCHP</subfield>
  </datafield>
  <datafield tag="041" ind1=" " ind2=" ">
    <subfield code="a">tur</subfield>
  </datafield>
  <datafield tag="082" ind1=" " ind2=" ">
    <subfield code="a">SHP 324.172</subfield>
    <subfield code="b">H24 [t.y]</subfield>
  </datafield>
  <datafield tag="090" ind1=" " ind2=" ">
    <subfield code="a">SHP 324.172 H24 [t.y]</subfield>
  </datafield>
  <datafield tag="245" ind1=" " ind2=" ">
    <subfield code="a">Halk&#xE7;&#x131; parti yay&#x131;nlar&#x131;</subfield>
    <subfield code="b">kanunlar, t&#xFC;z&#xFC;kler, y&#xF6;netmelikler</subfield>
    <subfield code="c">[haz&#x131;rlayan] SHP </subfield>
  </datafield>
  <datafield tag="246" ind1=" " ind2=" ">
    <subfield code="a">SHP yay&#x131;nlar&#x131;</subfield>
  </datafield>
  <datafield tag="260" ind1=" " ind2=" ">
    <subfield code="a">[Ankara]</subfield>
    <subfield code="b">[SHP]</subfield>
    <subfield code="c">[t.y.]</subfield>
  </datafield>
  <datafield tag="300" ind1=" " ind2=" ">
    <subfield code="a">62 s.</subfield>
    <subfield code="c">22 sm.</subfield>
  </datafield>
  <datafield tag="440" ind1=" " ind2=" ">
    <subfield code="a">SHP yay&#x131;nlar&#x131;</subfield>
  </datafield>
  <datafield tag="610" ind1=" " ind2=" ">
    <subfield code="a">SHP</subfield>
    <subfield code="x">T&#xFC;z&#xFC;k ve y&#xF6;netmelikler</subfield>
  </datafield>
  <datafield tag="610" ind1=" " ind2=" ">
    <subfield code="a">Halk&#xE7;&#x131; Parti (HP)</subfield>
    <subfield code="x">T&#xFC;z&#xFC;k ve y&#xF6;netmelikler</subfield>
  </datafield>
  <datafield tag="650" ind1=" " ind2=" ">
    <subfield code="a">Siyasal partiler</subfield>
    <subfield code="x">T&#xFC;z&#xFC;k ve y&#xF6;netmelikler</subfield>
  </datafield>
  <datafield tag="942" ind1=" " ind2=" ">
    <subfield code="2">ddc</subfield>
    <subfield code="c">BKS</subfield>
  </datafield>
  <datafield tag="952" ind1=" " ind2=" ">
    <subfield code="5">1</subfield>
    <subfield code="a">0001</subfield>
    <subfield code="b">0001</subfield>
    <subfield code="d">2017-02-20</subfield>
    <subfield code="e">2</subfield>
    <subfield code="f"> SHP</subfield>
    <subfield code="l">0</subfield>
    <subfield code="o">SHP 324.172 H24 [t.y]</subfield>
    <subfield code="p">016647</subfield>
    <subfield code="r">2017-02-20 00:00:00</subfield>
    <subfield code="v">0.00</subfield>
    <subfield code="w">2017-02-20</subfield>
    <subfield code="x"> Ciltli</subfield>
    <subfield code="y">BKS</subfield>
  </datafield>
  <datafield tag="999" ind1=" " ind2=" ">
    <subfield code="c">7914</subfield>
    <subfield code="d">7914</subfield>
  </datafield>
</record>
